5 Scenes, 1 Actor III Quiz Stats

 Plays Quiz Updated Oct 1, 2016

Challenge
Share
Tweet
Score 0/22 Timer 07:00
7 Plays Today
% Correct
Jack Black
90.9%
Jennifer Aniston
90.5%
Samuel L. Jackson
90.4%
Russell Crowe
86%
Leonardo DiCaprio
85.6%
Owen Wilson
82%
Will Ferrell
78.1%
Jonah Hill
78%
Denzel Washington
76.7%
Michael Keaton
75.1%
Helena Bonham Carter
71.3%
% Correct
Kristen Stewart
69.3%
Paul Rudd
67.1%
Nicolas Cage
53.9%
Andy Serkis
52.6%
Tilda Swinton
50.4%
Edward Norton
48.9%
Robert De Niro
48.5%
Kevin Bacon
40.4%
Sam Worthington
36.6%
Daniel Craig
36.4%
Jason Statham
34.7%

You're not logged in!

Compare scores with friends on all Sporcle quizzes.
OR
Log In

You Might Also Like...

Show Comments

Extras

Top Quizzes Today


Score Distribution

Your Account Isn't Verified!

In order to create a playlist on Sporcle, you need to verify the email address you used during registration. Go to your Sporcle Settings to finish the process.

Report this User

Report this user for behavior that violates our Community Guidelines.

Details: